Hiszpański - owoce, orzechy, przyprawy - Statystyki

Ogólne statystyki
  • Ten quiz został rozwiązany 4 razy
    3 od ostatniego zresetowania
  • Średni wynik to 10 z 63
Statystyki odpowiedzi
Hint Odpowiedź % Poprawnych
sól (f) sal
67%
awokado (m) aguacate
33%
migdał (f) almendra
33%
orzech laskowy (f) avellana
33%
kasztan (f) castańa
33%
wiśnia, czereśnia (f) cereza
33%
papryka chili (m) chile
33%
śliwka (f) ciruela
33%
goździk (m) clavo
33%
kokos (m) coco
33%
przyprawa (m) condimento
33%
kurkuma (f) curcuma
33%
przyprawy (f) especias
33%
imbir (m) jengibre
33%
keczup (m) ketchup
33%
mandarynka (f) mandarina
33%
majonez (f) mayonesa
33%
mięta (f) menta
33%
musztarda (f) mostaza
33%
pomarańcza (f) naranja
33%
oregano (m) oregano
33%
pietruszka (m) perejil
33%
pieprz (f) pimienta
33%
ananas (f) pińa
33%
pistacja (m) pistacho
33%
banan (m) platano
33%
sos (f) salsa
33%
arbuz (f) sandia
33%
wanilia (f) vainilla
33%
ocet (m) vinagre
33%
olej (m) aceite
0%
oliwa z oliwek (m) aceite de oliva
0%
czosnek (m) ajo
0%
bazylia (f) albahaca
0%
morela (m) albaricoque
0%
przyprawiać alińar
0%
sos do sałatki (m) alińo
0%
borówka amerykańska (m) arandano
0%
jagoda (f) baya
0%
orzeszek ziemny (m) cacahuete
0%
cynamon (f) canela
0%
karmel (m) caramelo
0%
śliwka suszona (f) ciruela pasa
0%
rodzynka (f) uva pasa
0%
malina (f) frambuesa
0%
truskawka (f) fresa
0%
owoc (f) fruta
0%
orzech (m) fruto seco
0%
figa (m) higo
0%
kiwi (m) kiwi
0%
limonka (f) lima
0%
cytryna (m) limón
0%
mango (m) mango
0%
jabłko (f) manzana
0%
brzoskwinia (m) melocotón
0%
melon (m) melón
0%
jeżyna (f) mora
0%
nektarynka (f) nectarina
0%
orzech włoski (f) nuez
0%
gruszka (f) pera
0%
grejpfrut (m) pomelo
0%
przyprawiać sazonar
0%
winogrono (f) uva
0%
Nie znaleziono quizów pasujących do podanych kryteriów
Rozkład punktacji
Procent ludzi z każdym wynikiem
Percentyl według liczby udzielonych odpowiedzi
Twoja historia wyników
Nie rozwiązałeś tego quizu od ostatniego zresetowania